000 00990nac a22003970a 4500
001 PT54353
003 AR-LpoUNG
005 20210201005529.0
008 201001s1995||||sp |||||||||||||||||spa d
020 _a8441301239
_c$28
040 _aAR-LpoUNG
_bspa
_eaacr
041 _aspa
044 _asp
082 0 _aR909 794era-v2
100 1 _aBlitzer, Charles
245 1 3 _aLa era de los reyes :
_bépoca del Barroco
260 _aBarcelona :
_bFolio,
_c1995.
300 _a[88] p. :
_bil., mapas, gráfs., fot.
_3Impreso
490 0 _aAtlas culturales del mundo
650 4 _aANALISIS HISTORICO
650 4 _aARTE
650 4 _aATLAS
650 4 _aCIENTIFICOS
650 4 _aCIVILIZACION
650 4 _aCULTURA
650 4 _aDANZA
650 4 _aEUROPA
650 4 _aFACTORES CULTURALES
650 4 _aHISTORIA
650 4 _aMATERIAL DE REFERENCIA
650 4 _aSOCIEDAD
651 4 _aMundial
700 1 _aKrieger, Leonard
905 _a54353
942 _cLSALA
999 _c50089
_d50089